00000000nam 2200000zi 4500
0019.919544
003CaOODSP
00520250923093403
006m     o  d f      
007cr mn|||||||||
008230126t20232023quca    o    f000 0 fre d
020 |a9780660473109
040 |aCaOODSP|bfre|erda|cCaOODSP
043 |an-cn---
0861 |aEn4-94/10-2023F-PDF
24500|aSachez stocker 10 : |bsi vous livrez des produits.
250 |a[Édition 2023].
264 1|a[Gatineau, Québec] : |bEnvironnement et changement climatique Canada = Environment and Climate Change Canada, |c[2023]
264 4|c©2023
300 |a1 ressource en ligne (2 pages non numérotées) : |billustration en couleur
336 |atexte|btxt|2rdacontent/fre
337 |ainformatique|bc|2rdamedia/fre
338 |aressource en ligne|bcr|2rdacarrier/fre
500 |aPublié aussi en anglais sous le titre : Tank tip 10: if you deliver products.
650 6|aRéservoirs de stockage de produits pétroliers|xDroit|zCanada.
650 6|aProduits pétroliers|xStockage|xDroit|zCanada.
7101 |aCanada. |bEnvironnement et changement climatique Canada, |eorganisme de publication.
77508|tTank tip 10 : |w(CaOODSP)9.919543
794 |tSachez stocker 10 : |b[Édition 2025]|w(CaOODSP)9.954833
795 |tSachez stocker 10 : |b[Édition 2019]|w(CaOODSP)9.869067
85640|qPDF|s334 Ko|uhttps://publications.gc.ca/collections/collection_2024/eccc/en4/En4-94-10-2023-fra.pdf